A voyage of discovery and research in the southern and antarctic regions, during the years 1839 / 1843. By captain Sir James Clark Ross, R. N. KNT., D. C. L.,Oxon, F. R. S., etc. With plates, maps and woodcuts. In two volumes Vol. I-II
সংরক্ষণ করুন:
| প্রধান লেখক: | |
|---|---|
| বিন্যাস: | গ্রন্থ |
| ভাষা: | ইংরেজি |
| প্রকাশিত: |
Londres
John Murray, Albemarle street
1847
|
| সংস্করন: | 1a. ed |
| বিষয়গুলি: | |
| ট্যাগগুলো: |
ট্যাগ যুক্ত করুন
কোনো ট্যাগ নেই, প্রথমজন হিসাবে ট্যাগ করুন!
|
MARC
| LEADER | 00000nam a2200000 a 4500 | ||
|---|---|---|---|
| 001 | UCJ4839 | ||
| 003 | CL-VaPUC | ||
| 008 | 070124e18470000UK |||||||||||||||||eng|d | ||
| 082 | 0 | 4 | |a 910.4 |b ROS |2 21 |
| 100 | 0 | |a Ross, R. N., Sir James Clark |e author |9 509247 | |
| 245 | 1 | 2 | |a A voyage of discovery and research in the southern and antarctic regions, during the years 1839 / 1843. By captain Sir James Clark Ross, R. N. KNT., D. C. L.,Oxon, F. R. S., etc. With plates, maps and woodcuts. In two volumes Vol. I-II |
| 250 | |a 1a. ed | ||
| 300 | |a 2 v | ||
| 942 | |c BK | ||
| 945 | |d 20070124 00:00:00 |a rinostro | ||
| 260 | |a Londres |b John Murray, Albemarle street |c 1847 | ||
| 500 | |a Mapas e ilustraciones conforme a lo señalado en los respectivos índices | ||
| 600 | 0 | 7 | |a CROZIER, FRANCIS RAWDON MOIRA |2 CL-VaPUC |9 509248 |
| 600 | 0 | 7 | |a EREBUS |2 CL-VaPUC |9 505737 |
| 600 | 0 | 7 | |a TERROR |2 CL-VaPUC |9 505736 |
| 650 | 0 | |a Viajes |9 257115 | |
| 650 | 0 | |a Descubrimientos geográficos |9 331933 | |
| 650 | 0 | |a Expediciones científicas |9 265222 | |
| 650 | 7 | |a DIARIO |2 CL-VaPUC |9 441581 | |
| 650 | 7 | |a DOCUMENTOS |2 CL-VaPUC |9 366450 | |
| 650 | 7 | |a FUENTES |2 CL-VaPUC |9 255666 | |
| 650 | 0 | |a Mapas |9 260844 | |
| 650 | 0 | |a Ilustraciones |9 369481 | |
| 651 | 0 | |a Polo Sur |9 262122 | |
| 651 | 0 | |a Antártica (Antártida) |9 324088 | |
| 583 | |a last modification |c 20130628 04:34:15 |k Rodrigo Vera | ||
| 999 | |c 320954 |d 320952 | ||
| 952 | |0 0 |1 0 |4 0 |6 910_400000000000000_ROS_1847 |7 0 |8 X |9 399598 |a FDOBUD |b FDOBUD |d 2019-11-22 |h v.1 |i 102664K |o 910.4 ROS 1847 |p 102664K |r 2019-11-22 |w 2019-11-22 |y BK_X |k BUD | ||
| 952 | |0 0 |1 0 |4 0 |6 910_400000000000000_ROS_1847 |7 0 |8 X |9 399599 |a FDOBUD |b FDOBUD |d 2019-11-22 |h v.2 |i 1026658 |o 910.4 ROS 1847 |p 1026658 |r 2019-11-22 |w 2019-11-22 |y BK_X |k BUD | ||